000 00255nam a2200109Ia 4500
008 200302s9999 xx 000 0 und d
100 _aK. D. Gaur
245 _aDevolopment and Planning Vol 1
260 _bSarup & Sons
260 _c1995
300 _a426 P.,
999 _c5515
_d5515